| 000 | 00388nam a2200145 a 4500 | ||
|---|---|---|---|
| 001 | 4769 | ||
| 003 | CDMR | ||
| 005 | 20130322112905.0 | ||
| 008 | 130130s2001||||||||||||||||||||||||||||d | ||
| 040 |
_aCDMR _bcat _cCPC GIRONA |
||
| 245 | 0 | 0 |
_aHo ha dit la ràdio _b: exposició dels 50 anys de Ràdio Olot |
| 260 |
_c2001 _bRàdio Olot _aOlot |
||
| 500 | _aCatàleg d'exposició | ||
| 942 |
_cMON _2udc |
||
| 999 |
_c4769 _d4769 |
||